Language Quiz

Random Language or Italian Quiz

Italian congiuntivo presente Quiz Stats

 Plays Quiz not verified by Sporcle

Challenge
Share
Tweet
Embed
Score 0/30 Timer 10:00
0 Plays Today
infinitive congiuntivo presente 'io' % Correct
mangiaremangi
87%
cominciarecominci
83.1%
andarevada
82.6%
farefaccia
81.8%
berebeva
81.4%
venirevenga
79.7%
poterepossa
79.3%
uscireesca
79.3%
pagarepaghi
78.9%
diredica
78.2%
spengerespenga
77%
starestia
76.8%
saperesappia
75.9%
daredia
75.3%
cercarecerchi
74.9%
infinitive congiuntivo presente 'io' % Correct
volerevoglia
74.7%
teneretenga
73.4%
rimanererimanga
71.8%
doveredebba
65.7%
saliresalga
63.4%
sceglierescelga
59.6%
toglieretolga
55.9%
coglierecolga
55.6%
scioglieresciolga
53.6%
produrreproduca
51.7%
riempireriempia
51.7%
tradurretraduca
50.6%
taceretaccia
47.3%
sederesieda
47.1%
moriremuoia
42.3%

You're not logged in!

Compare scores with friends on all Sporcle quizzes.
Join for Free
OR
Log In

You Might Also Like...

Show Comments

Extras

Created May 29, 2011ReportNominate
Tags:Italian Quiz, infinitive

Top Quizzes Today


Score Distribution

Your Account Isn't Verified!

In order to create a playlist on Sporcle, you need to verify the email address you used during registration. Go to your Sporcle Settings to finish the process.

Report this User

Report this user for behavior that violates our Community Guidelines.

Details: